000 00465nam a2200169Ia 4500
005 20250415113424.0
008 231217s9999 xx 000 0 und d
020 _a9788178812045
082 _a332.6 SEE2;1 R
100 _aSeethapathi, K ed. Suryanarayana, A ed. Subbulakshmi, V ed.
245 0 _aPortfolio management : basic issues
250 _a1st ed.
260 _c2002
_bICFAI Press
_aHyderabad
300 _avii, 202
650 _aICFAI
942 _cAA
999 _c181606
_d181606